Представление документа в формате RUSMARC

ПолеНазваниеЗначение
  Тип записи a
  Библиографический уровень m
001 Контрольный номер RU/IS/BASE/490189652
005 Дата корректировки 20240207193207.6
010 Индекс ISBN __
a ISBN 978-5-9667-0356-1
d Цена 20 р. 00 к.
9 Тираж 9400 экз.
100 Данные общей обработки __
a Данные общей обработки 20150714d2015 ||| 0rusy0189 ca
101 Язык документа 0_
a Язык текста rus
102 Страна публикации __
a Страна публикации RU
105 Кодированные данные (монография) __
a Кодированные данные (монография) y###||||000|y
200 Заглавие и сведения об ответственности 1_
a Заглавие Сочинения как творческий вид работы
b Общее обозначение материала Текст
e Сведения, относящиеся к заглавию из опыта учителя
f Первые сведения об ответственности В. Н. Пименова
210 Выходные данные 1_
a Место издания Москва
c Издательство Чистые пруды
d Дата издания 2007
215 Физическое описание __
a Объем 30 с.
d Формат 20,5 см.
225 Серия 1_
a Серия Библиотечка "Первого сентября". Литература; вып. 5(17)
606 Тематические рубрики 1_
a Основная рубрика Методика преподавания в средней школе - Литература
610 Ключевые слова 1_
a Ключевые слова методика преподавания литературы
a Ключевые слова сочинения по школьной программе
a Ключевые слова литература
686 Индексы других классификаций __
a Классификационный индекс 74.268.3
2 Код системы rubbk
700 Автор _1
a Фамилия Пименова
b Имя (инициалы) Валерия Николаевна
801 Источник записи _0
a Страна RU
b Организация Ульяновская ОБДЮ
c Дата составления 20150714
g Правила каталогизации RCR
801 Источник записи _1
a Страна RU
b Организация Ульяновская ОБДЮ
c Дата составления 20150714
g Правила каталогизации RCR
852 Данные о местонахождении __
a Наименование организации Ульяновская ОБДЮ
i Авторский знак П 32
j Шифр хранения 74.26
901 Тип документа __
t Тип документа m
910 Корректоры записи __
a Корректор записи Рябова
919 __
a Рябова
938 Служебная информация __
a Имя БД MarkBase